000 00449nam a2200145Ia 4500
008 210430s9999 xx 000 0 und d
020 _a0534368344 (hardcover) | 97805
082 _a1.4
100 _aKuehl, Robert O.
_954053
245 _aDesign of experiments :
_cKuehl, Robert O.
260 _a[S.l.] :
_bDuxbury Press,
_c1999
300 _a688 p. ;
856 _uhttp://www.amazon.com/exec/obidos/ASIN/0534368344/chopaconline-20
942 _2ddc
999 _c564507
_d564507